000 00577nam a2200193 i 4500
001 112329
003 ES-MaACL
005 20251003063118.0
007 t|
008 061121s1963 sp r ||||1| spa d
100 1 _aEspinalt, Carles M.,
_d1920-1993
_984412
245 1 0 _aPsicología de la publicidad /
_cCarlos Muñoz Espinalt.
250 _a1ª ed.
260 _aBarcelona :
_bToray,
_c1963.
300 _a199 p. :
_bil ;
_c22 cm.
650 4 _aPublicidad-
_xAspectos psicológicos.
_9160522
852 _aES-MaACL
_jC-23035
_bR.51708
999 _c112329
_d112329